<?xml version="1.0" encoding="UTF-8"?>
<record
    xmlns:xsi="http://www.w3.org/2001/XMLSchema-instance"
    xsi:schemaLocation="http://www.loc.gov/MARC21/slim http://www.loc.gov/standards/marcxml/schema/MARC21slim.xsd"
    xmlns="http://www.loc.gov/MARC21/slim">

  <leader>01714    a2200205   4500</leader>
  <controlfield tag="001">59655</controlfield>
  <controlfield tag="005">20260407155850.0</controlfield>
  <controlfield tag="008">260407a1966    arg                 spa d</controlfield>
  <controlfield tag="003">AR-UNSa-BCEJYS</controlfield>
  <datafield tag="040" ind1=" " ind2=" ">
    <subfield code="a">AR-UNSa-BCEJYS</subfield>
    <subfield code="b">spa</subfield>
    <subfield code="c">AR-UNSa-BCEJYS</subfield>
  </datafield>
  <datafield tag="080" ind1=" " ind2=" ">
    <subfield code="a">330.34</subfield>
    <subfield code="x">Desarrollo Econ&#xF3;mico</subfield>
  </datafield>
  <datafield tag="245" ind1="1" ind2="0">
    <subfield code="a">Nueva politica comercial para el desarrollo</subfield>
  </datafield>
  <datafield tag="250" ind1=" " ind2=" ">
    <subfield code="a">2a. ed.</subfield>
  </datafield>
  <datafield tag="264" ind1=" " ind2="1">
    <subfield code="a">M&#xE9;xico :</subfield>
    <subfield code="b">Fondo de Cultura Econ&#xF3;mica</subfield>
    <subfield code="c">1966</subfield>
  </datafield>
  <datafield tag="300" ind1=" " ind2=" ">
    <subfield code="a">148 p.</subfield>
    <subfield code="c">21 cm.</subfield>
  </datafield>
  <datafield tag="505" ind1=" " ind2=" ">
    <subfield code="a">Primera Parte: Planteamiento del problema del comercio internacional y el desarrollo: 1. El orden de cosas en la econom&#xED;a internacional - 2. Las exportaciones primarias y el deterioro de la relaci&#xF3;n de precios - 3. La industrializaci&#xF3;n y la necesidad de exportar manufacturas - 4. El GATT y los pa&#xED;ses en desarrollo - Segunda Parte: Posibles soluciones y aspectos institucionales: 1. Exportaciones de productos primarios - 2. Las exportaciones industriales de los pa&#xED;ses en desarrollo y las preferencias - 3. La aportaci&#xF3;n de recursos internacionales a los pa&#xED;ses en desarrollo - 4. Comercio entre los pa&#xED;ses socialistas y el resto del mundo, especialmente con los pa&#xED;ses en desarrollo - 5. El mecanismo institucional del comercio mundial y desarrollo - Tercera Parte: Realismo y renovaci&#xF3;n: 1. La estrangulaci&#xF3;n exterior del desarrollo - 2. El potencial de los grandes pa&#xED;ses frente a los requerimientos del desarrollo - 3. La responsabilidad de los pa&#xED;ses en desarrollo - 4. El concierto de medidas comerciales - 5. Car&#xE1;cter y adaptabilidad de la pol&#xED;tica de cooperaci&#xF3;n internacional - 6. Nuevos problemas y nuevas actitudes </subfield>
  </datafield>
  <datafield tag="942" ind1=" " ind2=" ">
    <subfield code="c">BK</subfield>
  </datafield>
  <datafield tag="590" ind1=" " ind2=" ">
    <subfield code="a">niveau_biblio:m niveau_hierar:0</subfield>
  </datafield>
  <datafield tag="100" ind1="1" ind2=" ">
    <subfield code="a">Prebisch, Ra&#xFA;l</subfield>
  </datafield>
  <datafield tag="999" ind1=" " ind2=" ">
    <subfield code="c">6775</subfield>
    <subfield code="d">6775</subfield>
  </datafield>
  <datafield tag="952" ind1=" " ind2=" ">
    <subfield code="0">0</subfield>
    <subfield code="1">0</subfield>
    <subfield code="4">0</subfield>
    <subfield code="7">0</subfield>
    <subfield code="a">BCEJYS</subfield>
    <subfield code="b">BCEJYS</subfield>
    <subfield code="c">16</subfield>
    <subfield code="d">2026-04-07</subfield>
    <subfield code="l">0</subfield>
    <subfield code="o">330.34 P922n 2ed.</subfield>
    <subfield code="p">L22347</subfield>
    <subfield code="r">2026-04-07 15:58:50</subfield>
    <subfield code="w">2026-04-07</subfield>
    <subfield code="y">L</subfield>
  </datafield>
</record>
